00376nam a2200121Ia 4500008004100000040001800041041001200059082001800071100001600089245012200105260000900227300001800236230917s9999||||xx |||||||||||||| ||und|| e5015139aMAIN aEnglish a615.321 R739T aRosy Kumari 0aTherapeutic potential of some selected medicinal plants and their molecular docking studies in promoting oral hygiene c2021 axviii, 158 p.